书目信息 |
| 题名: |
化学基础
|
|
| 作者: | 图思 , 埃立斯 , E·R·图恩 著 ;蒋亦芹 译 | |
| 分册: | 第三分册 | |
| 出版信息: | 北京 文化教育出版社 1981 |
|
| 页数: | 422页 | |
| 开本: | 19cm | |
| 丛书名: | ||
| 单 册: | ||
| 中图分类: | O6 | |
| 科图分类: | ||
| 主题词: | 化学 | |
| 电子资源: | ||
| ISBN: | ||
| 000 | 00674nam0 2200229 45 | |
| 001 | 0405191048 | |
| 005 | 20060927162613.90 | |
| 010 | @dCNY0.97 | |
| 091 | @a7057.022 | |
| 100 | @a20040519d1981 km y0chiy0120 ea | |
| 101 | 0 | @achi@ceng |
| 200 | 1 | @a化学基础@Ahua xue ji chu@h第三分册@f(美)E·R·图恩,G·L·埃立斯著@F(mei)E·R·tu en,G·L·ai li si zhu@g蒋亦芹等译@Gjiang yi qin deng yi |
| 210 | @a北京@c文化教育出版社@d1981 | |
| 215 | @a422页@d19cm | |
| 606 | 0 | @a化学 |
| 690 | @aO6@v3 | |
| 701 | 0 | @a图思@4著 |
| 701 | 0 | @a埃立斯@4著 |
| 701 | 0 | @aE·R·图恩@AE·R·tu en@4著 |
| 702 | 0 | @a蒋亦芹@Ajiang yi qin@4译 |
| 801 | @aCN@bPftUser@c20060927 | |
| 905 | @dO6@e108:3 | |
| 化学基础.第三分册/(美)E·R·图恩,G·L·埃立斯著/蒋亦芹等译.-北京:文化教育出版社,1981 |
| 422页;19cm |
| ISBN :CNY0.97 |
| ● |
| 相关链接 |
|
|
|
|
正题名:化学基础
索取号:O6/108:3
 
预约/预借
| 序号 | 登录号 | 条形码 | 馆藏地/架位号 | 状态 | 备注 |
| 1 | 0422509 | 204225098 | 密集书库/ [索取号:O6/108:3] | 在馆 | |
| 2 | 0422510 | 204225105 | 密集书库/ [索取号:O6/108:3] | 在馆 | |
| 3 | 0422511 | 204225114 | 密集书库/ [索取号:O6/108:3] | 在馆 | |
| 4 | 0422512 | 204225123 | 密集书库/ [索取号:O6/108:3] | 在馆 | |
| 5 | 0442655 | 204426558 | 密集书库/ [索取号:O6/108:3] | 在馆 | |
| 6 | 0442656 | 204426567 | 密集书库/ [索取号:O6/108:3] | 在馆 | |
| 7 | 0442657 | 204426576 | 密集书库/ [索取号:O6/108:3] | 在馆 | |
| 8 | 0442658 | 204426585 | 密集书库/ [索取号:O6/108:3] | 在馆 |